000 04032nam a22002297a 4500
001 6230
003 FISKH
005 20251022121958.0
008 250403b cb ||||| |||| 00| 0 eng d
020 _a9789924913818
_c$7.00
040 _aFISKH
_bkhr
_cFISKH
_dFISKH
050 _aQ141 .R45
082 _a509.22
100 _aThon, Thavry
245 _aនារីប្រពៃ​ :
_bរឿងពិតរបស់នារីម្នាក់ដែលបានពុះពារឧបសគ្គដើម្បីសម្រេចក្ដីសុបិន /
_cអ្នកនិពន្ធ ៖ ថុន ថាវរី ; អ្នកសម្រួលអត្ថបទ ៖ សុទ្ធ បុផា
260 _aPhnom Penh :
_bImage Printing,
_c2019.
300 _a236 pages :
_billustrations ;
_c18 cm
520 _aនេះជារឿងពិតរបស់ស្ត្រីវ័យក្មេងកម្ពុជាម្នាក់ដែលបានជម្នះតតាំងជាមួយនឹងបទដ្ធានសង្គម ហើយជាលិទ្ធផលជាងបានក្លាយជាជនគំរូ និងជាអ្នកលើកទឹកចិត្តដល់ស្ត្រីវ័យក្មេងជាច្រើននាក់។ ភាពធំធាត់នៅលើកោះមួយតាមដងទន្លេបាសាក់ជីវភាពសាមញ្ញខុសឆ្ងាយពីជីវិតស៉ីវិល័យ និងរស់នៅក្រោមគំនាបប្រពៃណីទំនៀមទម្លាប់ និងគំនិតដ៏ចាស់គំរឹលរបស់សង្គម រឿងរ៉ាវរបស់ “ថាវរី” គឺជាផ្នែកមួយដែលបានបណ្តុះស្មារតី និងលើកទឹកចិត្តដល់ស្ត្រីនៅជុំវិញពិភពលោក។ ខណៈពេលដែលប្រទេសកម្ពុជាទើបតែងើបពីភ្លើងសង្គ្រាម ជីវិតនៅតាមជនបទភាគច្រើនបានវិលត្រឡប់ឱ្យកូនចៅឆាប់រៀបការ មានកូន ការប្រកបមុខរបរធ្វើស្រែចម្ការជាគ្រួសារ និង ការគោរពតាមការសម្រេចចិត្តរបស់ចាស់ទុំ ទាំងដែលយើងជាក្មេងមិនសូវមានសិទ្ធិបញ្ចេញយោបល់អ្វីទាំងអស់។ ប៉ុន្តែដោយមានការគាំទ្រពីឪពុកម្តាយរបស់នាង ដែលពួកគាត់ធ្លាប់បានកុមារភាពដ៏លំបាកនាសម័យសង្គ្រាម ថាវរីត្រូវបានបង្រៀនឱ្យស្គាល់ពីតម្លៃនៃការអប់រំដែលវាជាមធ្យោបាយតែមួយគត់នៃការបំបែកខ្លួនចេញពីភាពល្ងង់ខ្លៅ និងបង្កើតភាពជាម្ចាស់ការលើជោគវាសនារបស់ខ្លួននាងផ្ទាល់។ តាមរយៈសាច់រឿងរបស់នាង នាងបានបំផុសនិងលើកទឹកចិត្តដល់ស្ត្រីជាច្រើនឱ្យមានភាពជឿជាក់លើខ្លួនឯង ដឹកនាំជីវិតទៅរកក្តីស្រមៃ ជាពិសេស សេរីភាព ឯករាជ្យ និងអនាគតដ៏ត្រចះត្រចង់ដែលពួកគេចង់បាន។
650 _aBiography
_vSociology
_xNonfiction
942 _2ddc
_cKHB
_n0
999 _c6230
_d6230